000 00282nam a2200121Ia 4500
008 190216s9999||||xx |||||||||||||| ||und||
100 _aKrishana Murthy B R
245 0 _aOn The Heights
260 _bOrient Longman
_c1971
300 _a144p
650 _aEnglish Prose
942 _cBK
999 _c12521
_d12521